| 000 | 00576nam a2200193Ia 4500 | ||
|---|---|---|---|
| 003 | OSt | ||
| 005 | 20240711152807.0 | ||
| 008 | 210210b1985 xxu||||| |||| 00| 0 eng d | ||
| 040 | _cAL | ||
| 041 | _aKannada | ||
| 082 | _aK894.308 SADA | ||
| 100 |
_aSADASHIVA ಸದಾಶಿವ _9173162 |
||
| 245 |
_aSadashivara Hanneradu Kathegalu _bಸದಾಶಿವರ ಹನ್ನೆರಡು ಕಥೆಗಳು |
||
| 260 |
_aBengaluru _bKannada mattu Samskrati Nirdeshanalalya _c1985 |
||
| 300 | _a198 | ||
| 690 |
_aKannada Fiction _9173163 |
||
| 906 | _a038062 | ||
| 942 |
_2ddc _cBK |
||
| 999 |
_c88147 _d88147 |
||